01607nam a2200361 a 4500001001200000003000800012006001900020007001500039008004100054010001700095020002500112020002700137040002100164035002100185050002400206082001400230245011800244250001200362260006100374300002500435500007100460500002000531505017400551533015200725650005200877650006400929655002900993700002001022710001701042730004301059856012601102999001701228ebr10630562CaPaEBRm u cr cn|||||||||110504s2012 enkad sf 001 0 eng d z 2011018728 z9781444335675 (pbk.) z9781444346930 (e-book) aCaPaEBRcCaPaEBR a(OCoLC)77895708514aRC112b.C626 2012eb04a616.922300aCommunicable disease control and health protection handbookh[electronic resource] /cJeremy Hawker ... [et al.]. a3rd ed. aChichester, West Sussex, U.K. :bWiley-Blackwell,c2012. axiii, 440 p. :bill. aRev. ed. of: Communicable disease control handbook. 2nd ed. c2005. aIncludes index.0 asection 1. Introduction -- section 2. Common topics -- section 3. Diseases -- section 4. Services and organisations -- section 5. Communicable disease control in Europe. aElectronic reproduction.bPalo Alto, Calif. :cebrary,d2011.nAvailable via World Wide Web.nAccess may be limited to ebrary affiliated libraries. 0aCommunicable diseasesvHandbooks, manuals, etc. 0aCommunicable diseasesxPreventionvHandbooks, manuals, etc. 7aElectronic books.2local1 aHawker, Jeremy.2 aebrary, Inc.0 aCommunicable disease control handbook.40uhttp://site.ebrary.com/lib/rucke/Doc?id=10630562zAn electronic book accessible through the World Wide Web; click to view c71506d71506